| 000 | 01164nam a22003257a 4500 | ||
|---|---|---|---|
| 999 |
_c200450998 _d69210 |
||
| 001 | 200450998 | ||
| 003 | TR-AnTOB | ||
| 005 | 20241119100053.0 | ||
| 007 | ta | ||
| 008 | 221222s2021 tu a|||j |||| 00| j tur d | ||
| 020 | _a9786052988831 | ||
| 040 |
_aTR-AnTOB _beng _erda _cTR-AnTOB |
||
| 041 | 1 |
_atur _hger |
|
| 092 |
_a808.068 _bSCHd 2021 |
||
| 100 | 1 |
_aSchmachtl, Andreas H., _eauthor and illustrator _d1971- _9139814 |
|
| 240 | 1 | 0 | _aRat mal, wer geburtstag hat! |
| 245 | 1 | 0 |
_aTilda elmaçekirdeği : _bdoğum günün kutlu olsun! / _cYazan ve Resimleyen: Andreas H. Schmachtl ; Çeviren: Semra Pelek. |
| 250 | _a1. baskı | ||
| 264 | 1 |
_aİstanbul : _bKırmızı Kedi Yayınevi, _c2021. |
|
| 300 |
_a[26] pages : _billustrations ; _c20 cm. |
||
| 336 |
_2rdacontent _atext _btxt |
||
| 337 |
_2rdamedia _aunmediated _bn |
||
| 338 |
_2rdacarrier _avolume _bnc |
||
| 490 | 0 |
_aKırmızı Kedi Yayınevi: _v1471. _aÇocuk ve Gençlik Kitapları: _v352. |
|
| 653 |
_aÇocuk edebiyatı _aÇocuk hikayeleri _aDeğer bilme _aİşbirliği _aBağlılık |
||
| 700 | 1 |
_aPelek, Semra _9139815 |
|
| 942 |
_2ddc _cBK |
||